|
|
|
|
| LEADER |
00000csb a2200000 a 4500 |
| 003 |
Ucuenca |
| 005 |
20231223062653.0 |
| 008 |
991050| ||||||||r|||||||||||spa|| |
| 022 |
|
|
|a 0212-0208
|
| 040 |
|
|
|b spa
|
| 041 |
1 |
|
|a spa
|
| 082 |
0 |
|
|a 330.5
|b C634p
|
| 245 |
|
|
|a Estratificación social en Chile
|c Javier Martínez y Eugenio Tironi
|h imp
|
| 264 |
|
|
|a Madrid
|b Instituto de Cooperación Iberoamericana
|c julio-diciembre 1984
|
| 300 |
|
|
|a páginas: 95-116
|
| 362 |
|
|
|a no. 6 (julio-diciembre 1984)
|
| 650 |
1 |
0 |
|a Chile
|9 1344
|
| 650 |
1 |
0 |
|a Estratificación social
|9 39612
|
| 650 |
1 |
|
|a Revista pensamiento iberoamericano
|9 182324
|
| 700 |
|
|
|9 205033
|a Martínez, Javier
|
| 710 |
|
|
|a Tironi, Eugenio
|9 205034
|
| 852 |
|
|
|a UC-CDJBV
|f Donación
|l 1
|m General
|p 19910507
|q 800.00
|r 2
|b 0
|d CDRC
|e CDRC
|g 330.5 C634p TERCER PISO (SECCION REVISTAS)
|z 1991-10-50
|
| 942 |
|
|
|c SERA
|
| 773 |
0 |
|
|0 151623
|9 136825
|a Comisión Económica para América Latina
|d Madrid Instituto de Cooperación Iberoamericana Julio-diciembre 1984
|o 86465-6
|t Pensamiento iberoamericano. Revista de Economía Política
|x 0210-0208
|
| 773 |
0 |
|
|0 151623
|9 136825
|a Comisión Económica para América Latina
|d Madrid Instituto de Cooperación Iberoamericana Julio-diciembre 1984
|o 86465-6
|t Pensamiento iberoamericano. Revista de Economía Política
|x 0210-0208
|
| 999 |
|
|
|c 99791
|d 99791
|